000 01780cam a22004934i 4500
003 PE-LiUPU
005 20250731165605.0
008 150706s r 000 0 d
020 _a97806873335554
035 _a(Sirsi) i9780687333555
040 _aPE-LiUPU
_bspa
_cPE-LiUPU
_erda
049 _aPRUA
082 0 4 _a220.3
_bNIB
_221
245 0 4 _aThe new interpreter's dictionary of the Bible :
_bD-H /
_cKatharine Doob Sakenfield, editor general.
264 1 _aNashville, TN :
_bAbingdon Press,
_c2007.
300 _a1012 páginas :
_bilustraciones ;
_c27 centímetros
336 _atext
_2rdacontent
337 _aunmediated
_2rdamedia
338 _avolume
_2rdacarrier
505 0 _aDiccionario en Inglés de D-H.
526 _aSEG44
526 _aSEG26
526 _aP151
526 _aP150
526 _aP149
526 _aP146
526 _aP145
526 _aP126
526 _aP125
526 _aP92
526 _aP75
526 _aP74
526 _aP27
526 _aP15
541 _g48239-0292;
630 _aBiblia
_vDicciconarios.
700 1 _aDoob Sakenfeld, Katharine,
_eed.
910 _agl
_bjv
_clch
_d20091201
942 _2ddc
_cBOOK
949 _aRC 220.3 NIB 2
_wDEWEY
_c1
_i60709
_d2015-10-13
_lCCODEBUL1
_mBUL
_p64.00
_q5
_r0
_sY
_tBOOK
_u2015-7-6
_xTEOLOGIA
_zUNKNOWN
_0COMPRA
_o.CIRCNOTE. No olvidar cambiar la fecha de devolución!!!!!!!
_o.STAFF. Colección General
994 _aC0
_bPEPRU
596 _a1
999 _aRC 220.3 NIB 2
_wDEWEY
_c50109
_i60709
_d50109
_f2021-11-8
_g6
_lCCODEBUL1
_mBUL
_p64.00
_q6
_r1
_sY
_tBOOK
_u2015-7-6
_xTEOLOGIA
_zUNKNOWN
_0COMPRA
_o.CIRCNOTE. No olvidar cambiar la fecha de devolución!!!!!!!
_o.STAFF. Colección General
980 _81
_gALBERTO SANCHEZ Responsable de Automatización